| 000 | 00606nam a2200181 i 4500 | ||
|---|---|---|---|
| 001 | 22342 | ||
| 003 | ES-MaACL | ||
| 005 | 20251016163149.0 | ||
| 007 | t| | ||
| 008 | 021202s1976 sp ||||1| spa d | ||
| 100 | 1 |
_aAlonso-Cortés, Carolina-Dafne. _920275 |
|
| 245 | 1 | 0 |
_aNúñez de Arce treinta y cuatro / _cCarolina-Dafne Alonso-Cortés ; prólogo: Francisco Javier Martín Abril. |
| 260 |
_aMadrid : _bMayfe, _c[1976] |
||
| 300 |
_a261 p. : _bil. ; _c18 cm. |
||
| 700 | 1 |
_aMartín Abril, Francisco Javier, _d1908- _977381 |
|
| 852 |
_aES-MaACL _jA-10935 _bR.100345 |
||
| 999 |
_c22342 _d22342 |
||